Daňová teorie a politika. Díl 1., Daňová teorie /

Hlavní autor: Kubátová, Květa, 1952-
Korporativní autor: Vysoká škola ekonomická v Praze. Fakulta financí a účetnictví
Jazyk: Čeština
Vydáno: Praha : Vysoká škola ekonomická, 1995
Vydání: Dot. 1. vyd.
Témata:
Fyzický popis: 104 s. : il. ; 30 cm
Knihy
Uloženo v:
LEADER 01391nam a2200349 a 4500
001 000067968
003 CZ BrMZK
005 20080130103204.0
008 040728s1995 xr a erp 001 0 cze d
020 |a 80-7079-544-1 
040 |a BOA001  |b cze 
080 |a 336.22  |2 MRF 
080 |a 336.22.01  |2 MRF 
080 |a 336.221.4  |2 MRF 
080 |a (075.8)  |2 MRF 
100 1 |a Kubátová, Květa,  |d 1952-  |7 xx0016610  |4 aut 
245 1 0 |a Daňová teorie a politika.  |n Díl 1.,  |p Daňová teorie /  |c Květa Kubátová 
246 3 0 |a Daňová teorie 
250 |a Dot. 1. vyd. 
260 |a Praha :  |b Vysoká škola ekonomická,  |c 1995 
300 |a 104 s. :  |b il. ;  |c 30 cm 
500 |a Určeno pro stud. fak. financí a účetnictví Vys. šk. ekonomické v Praze. - Bibliogr. 
650 0 7 |a daně  |7 ph114293  |2 czenas 
650 0 7 |a daňové teorie  |7 ph137569  |2 czenas 
650 0 7 |a daňová politika  |7 ph361996  |2 czenas 
650 0 7 |a daňové systémy  |7 ph119347  |2 czenas 
655 7 |a učebnice vysokých škol  |7 fd133772  |2 czenas 
710 2 |a Vysoká škola ekonomická v Praze.  |b Fakulta financí a účetnictví  |7 kn20010709398 
910 |a BOA001  |b TK-A-0258.813 
990 |a BK 
996 7 |b 2620003862  |c TK-A-0258.813  |l MZK  |r Sklad / do 24 hodin  |n 13  |p kup  |w 000067968  |u 000010  |a 1  |e BOA001  |j MZK50  |s A 
996 7 |b 2620003863  |c TK-A-0258.813  |l MZK  |r Sklad / do 24 hodin  |n 10  |p kup  |w 000067968  |u 000020  |a 1  |e BOA001  |j MZK50  |s A